|
|
|
|
| LEADER |
01037nam a2200265 a 4500 |
| 001 |
31425 |
| 003 |
BD-DhAAL |
| 005 |
20241103111709.0 |
| 008 |
170123s2009 bg a b 001 0 eng |
| 082 |
0 |
0 |
|a 378.1554
|2 22
|
| 245 |
0 |
0 |
|a BRAC University :
|k annual report,
|f 2008.
|
| 246 |
|
|
|a BRAC University annual report 2008
|
| 260 |
|
|
|a Dhaka, Bangladesh :
|b BRAC University,
|c 2009.
|
| 300 |
|
|
|a 151 pages :
|b illustrations (some colors) ;
|c 28 cm
|
| 310 |
|
|
|a Annual
|
| 526 |
|
|
|a AAL
|
| 541 |
1 |
|
|e 31425
|
| 650 |
|
0 |
|a Education, Higher.
|9 5499
|
| 650 |
|
0 |
|a University extension.
|9 3686
|
| 710 |
2 |
|
|a BRAC University
|9 251
|
| 852 |
4 |
|
|a Ayesha Abed Library
|c General Stacks
|
| 856 |
|
|
|z Full text available on BRAC University Institutional Repository
|u https://dspace.bracu.ac.bd/xmlui/handle/10361/899
|
| 942 |
|
|
|2 ddc
|c BK
|
| 999 |
|
|
|c 37937
|d 37937
|
| 952 |
|
|
|0 0
|1 0
|2 ddc
|4 0
|6 378_155400000000000_BRA
|7 0
|8 RPT
|9 59955
|a BRACUL
|b BRACUL
|c GEN
|d 2017-01-23
|e Complimentary copy
|l 0
|o 378.1554 BRA
|p 3010031425
|r 2017-01-23
|t 1
|w 2017-01-23
|y BK
|x Complimentary copy
|